| 000 | 00547nam a2200169Ia 4500 | ||
|---|---|---|---|
| 008 | 090201s9999 xx 000 0 und d | ||
| 010 | _aKPL-68490 | ||
| 040 | _bमराठी | ||
| 041 | _aमराठी | ||
| 082 |
_a46993 _b68490 |
||
| 100 | _aश्री.पु. भागवत | ||
| 245 |
_aसाहित्याची भूमी _cश्री.पु. भागवत |
||
| 260 |
_c2006 _bगंथ्राली |
||
| 300 |
_a255 _bमध्यम |
||
| 600 | _aसाहित्याची भूमी | ||
| 942 | _cBOOK | ||
| 999 |
_c243733 _d243733 |
||